Psychologické aspekty digitální marketingové komunikace aneb na oboch koncích jsou lidé

Článok sa zameriava na psychologické aspekty digitálnej komunikácie, dôležitosť psychologických znalostí správania spotrebiteľa v on-line svete a jeho rozdielov v reálnom svete. V čom sa líši vnímanie kmunikovaných informácií na webe od informácií komunikovaných v reálnom svete. Rozhodovanie sa pri...

ver descrição completa

Na minha lista:
Detalhes bibliográficos
Autor principal: Vysekalová, Jitka
Formato: Capítulo de Livro
Idioma:tcheco
Assuntos:
Tags: Adicionar Tag
Sem tags, seja o primeiro a adicionar uma tag!

MARC

LEADER 00000naa a2200000 4500
001 0236325
005 20220805075833.1
041 0 |a cze 
044 |a CZ 
245 1 0 |a Psychologické aspekty digitální marketingové komunikace aneb na oboch koncích jsou lidé  |c Jitka Vysekalová 
520 |a Článok sa zameriava na psychologické aspekty digitálnej komunikácie, dôležitosť psychologických znalostí správania spotrebiteľa v on-line svete a jeho rozdielov v reálnom svete. V čom sa líši vnímanie kmunikovaných informácií na webe od informácií komunikovaných v reálnom svete. Rozhodovanie sa pri on-line nákupoch. Projekty, ktoré mapujú premeny chovania spotrebiteľov v on-line svete. 
610 2 0 |a komunikácia 
610 2 0 |a digitalizácia 
610 2 0 |a komunikácia elektronická 
610 2 0 |a spotrebitelia 
610 2 0 |a psychológia 
610 2 0 |a správanie spotrebiteľa 
100 1 |a Vysekalová, Jitka